Fleuves du Monde par image - Statistiques

Statistiques générales
  • Ce quiz a été pris 138 fois
  • Le résultat moyen est 8 sur 15
Statistiques - réponses
Par images Réponse % Correct
Nil
96%
Colorado
77%
Gange
74%
Mississippi
71%
Amazone
62%
Danube
60%
Mékong
56%
Volga
49%
Rhin
46%
Fleuve Jaune
45%
Saint-Laurent
38%
Euphrate
30%
Zambèze
29%
Yukon
28%
Congo
26%
Aucun quiz correspondant
Distribution des résultats
% des personnes avec chaque résultat
Percentile par nombre de réponses
Votre historique - résultats
Vous n’avez pas pris ce quiz